000 00351nam a22001217a 4500
999 _c253068
_d253067
008 160331b xxu||||| |||| 00| 0 eng d
020 _a0070436061
050 _aTK7887.Z33 2001
100 _aCraig Zacker John Rourke
245 _aPc Hardware: The Complete Reference.
250 _a1st Edn.
260 _c2001
_aIndia
_bMc Graw Hill India; First Edition